| 000 | 01042nam a2200313 i 4500 | ||
|---|---|---|---|
| 001 | 57438 | ||
| 003 | CO-BoRNBP | ||
| 005 | 20250702145832.0 | ||
| 007 | ta | ||
| 008 | 231210s2023 ck a|||ar|||| 00||p spa d | ||
| 020 | _a9789580716211 | ||
| 040 |
_aCO-BoRNBP _bspa _erda _cCO-BoRNBP |
||
| 041 | 0 | _aspa | |
| 084 | _aP ARJ2 | ||
| 100 |
_aArjona Matas, Rafael _d1945- _958491 |
||
| 245 | 1 | 0 |
_aLluvia de verbos _cRafael Arjona Matas ; ilustraciones Mariana Villanueva |
| 250 | _aEdición especial | ||
| 264 | 1 |
_aBogotá, Colombia _bSusaeta Ediciones _c2023 |
|
| 300 |
_a40 páginas _bilustraciones a color _c25 cm |
||
| 336 |
_atexto _btxt _2rdacontent |
||
| 337 |
_asin mediación _bn _2rdamedia |
||
| 338 |
_avolumen _bnc _2rdacarrier |
||
| 521 | _aRecomendado para un público infantil a partir de los 6 años | ||
| 650 | 1 | 0 |
_aPoesía infantil española _2LEMB _91733 |
| 650 | 1 | 7 |
_aLiteratura infantil española _2LEMB _9726 |
| 650 | 1 | 7 |
_aLluvia en la literatura _2LEMB _958492 |
| 700 | 1 |
_aVillanueva, Marciano _960668 |
|
| 942 |
_2loc _cBKLITI |
||
| 999 |
_c57438 _d57438 |
||